| 000 | 00516nam a22002057a 4500 | ||
|---|---|---|---|
| 005 | 20241111123600.0 | ||
| 008 | 131120b xxu||||| |||| 00| 0 eng d | ||
| 020 |
_a9788131310717 _c695.00 |
||
| 040 | _aLoreto College | ||
| 041 | _aEnglish | ||
| 082 |
_a900 _bGOR |
||
| 100 | _aGorge, H.S. | ||
| 245 |
_aResearch methodology in history _cH.S. Gorge |
||
| 260 |
_aNew Delhi _bAPH _c2011 |
||
| 300 |
_avi, 221p. _b21cm. |
||
| 504 | _aIncludes bibliography | ||
| 650 | _aHistory | ||
| 850 | _aLCBED | ||
| 942 | _cBK | ||
| 999 |
_c38863 _d89342 |
||